000 00687nam a22002417a 4500
005 20170124110205.0
010 _aA-998989
020 _c150.00
_a8120316282
035 _aA-998989
037 _bCen Lib/Ret
040 _aDPL
_bEN
082 _a512.5
_bKUM
100 _aKumaresan, S.
_937037
245 _aLinear algebra :
_cby S.Kumaresan
_ba geometric approach /
260 _aNew Delhi
_bPrentice Hall
_c2000
270 _aM-97, Connaught Circus
_bNew Delhi
_e110001
300 _axii,218p.
_c22cm(Hb)
500 _aIncludes index
650 _aAlgebras, Linear
_937038
650 _aGeometry
_937039
700 _936959
942 _2ddc
_cEN
_h512.5
_mKUM
999 _c133166
_d133166